00273 a2200109 450000500170000002000240001708200190004110000200006024500310008026000320011130000200014320250526133238.0 a2 - 253 - 00184 - 8 a(152) F RIV aRIVOYRE, C. D.  aLe Seigneur des Chevaux  aParis, bJulliard, c1969.  a157p.: c17cm.